| 000 | 00682cab a22001935a 4500 | ||
|---|---|---|---|
| 001 | L155439 | ||
| 008 | 120322e20121203xxk 000 0 eng d | ||
| 035 | _a(Sirsi) u155439 | ||
| 041 | 0 | _aeng | |
| 100 | 1 | _aHighmore, Sue | |
| 245 | 0 | 2 | _aA green year for property |
| 260 |
_aLondon _bEstates Gazette _c2012 |
||
| 490 |
_aEstates Gazette _v(1209) 3 March 2012, 146-148(3) |
||
| 520 | _aKey changes for property owners and tenants relating to green issues. Includes information on reported on energy efficiency, definition of contaminated land and Carbon Reduction Commitment changes. | ||
| 590 | _aKA | ||
| 651 | 4 | _aUnited Kingdom | |
| 690 |
_aSustainability _96271 |
||
| 942 | _n0 | ||
| 999 |
_c83862 _d83862 |
||